Every City that i know in Canada - Statistics

General Stats
  • This quiz has been taken 28 times
  • The average score is 15 of 22
Answer Stats
Answer % Correct
Ottawa
100%
Montreal
96%
Toronto
93%
Vancouver
93%
Calgary
86%
Edmonton
86%
Quebec City
82%
Winnipeg
79%
Halifax
75%
Regina
68%
Saskatoon
68%
St Johns
68%
London
61%
Yellowknife
61%
Victoria
57%
Mississauga
54%
Hamilton
50%
Winsdor
50%
Whitehorse
46%
Thunder Bay
43%
Iqaluit
39%
Surrey
14%
No matching quizzes found
Score Distribution
Percent of People with Each Score
Percentile by Number Answered
Your Score History
You have not taken this quiz